Worlds of music /

Bibliographic Details
Main Author: Smith, Cecil Michener, 1906-1956
Format: Book
Language:English
Published: Philadelphia : Lippincott, [1952]
Edition:1st ed.
Subjects:

MARC

Tag First Indicator Second Indicator Subfields
LEADER 00000cam a2200000 4500
001 in00000029334
005 20151007061457.0
008 740422s1952 pau 00000 eng u
010 |a  52009538  
035 |a (OCoLC)00862931 
035 |9 AAD2200AM 
040 |c KSU  |d TXA  |d UtOrBLW 
043 |a n-us--- 
049 |a TXAM  |c [213858] 
050 0 0 |a ML200.5  |b .S53 1952 
092 |a 780.973  |b S644w 
100 1 |a Smith, Cecil Michener,  |d 1906-1956. 
245 1 0 |a Worlds of music /  |c by Cecil Smith. 
250 |a 1st ed. 
264 1 |a Philadelphia :  |b Lippincott,  |c [1952] 
264 4 |c ©1952 
300 |a 328 pages ;  |c 22 cm. 
336 |a text  |b txt  |2 rdacontent 
337 |a unmediated  |b n  |2 rdamedia 
338 |a volume  |b nc  |2 rdacarrier 
650 0 |a Music  |z United States. 
999 |a MARS 
999 f f |s 9821cd06-23fd-3805-bca6-b0df06e8adc5  |i 8868ea53-be4b-366b-86f2-4f21ddb9c26a  |t 0 
952 f f |p storage  |a Texas A&M University  |b J.J. Pickle Campus  |c High Density Repository  |d Remote Storage  |t 0  |e ML200.5 .S53 1952  |h Library of Congress classification  |i unmediated -- volume  |m A14801169228 
952 f f |p ric  |a Texas A&M University  |b Rellis Campus  |c Joint Library Facility  |d Remote Storage  |t 0  |e ML200.5 .S53 1952  |h Library of Congress classification  |i unmediated -- volume  |m A14821263539 
998 f f |a ML200.5 .S53 1952  |t 0  |l Remote Storage 
998 f f |a ML200.5 .S53 1952  |t 0  |l Remote Storage